000 00633nam a22001695i 4500
001 171642
003 ES-MaACL
005 20250604062633.0
008 090525s1917 sp |||| | spa d
100 1 _aSoldevilla, Fernando,
_d1854-1931
_9107114
245 1 0 _aTres revoluciones
_b: (apuntes y notas) : las juntas de defensa : la asamblea parlamentaria : la huelga general /
_cFernando Soldevilla.
260 _a[S.l. :
_bs.n.],
_c1917 (
_eMadrid :
_fImp. de Julio Cosano)
300 _aVII, 240 p. ;
_c23 cm.
651 4 _aEspaƱa-
_xHistoria-
_y1902-1931, Alfonso XIII
_98276
852 _aES-MaACL
_jF-11126
999 _c171642
_d171642